Using econometrics <a> practical guide

Guardado en:
Detalles Bibliográficos
Autor principal: Studenmund, A. H.
Formato: Libro
Lenguaje:inglés
Publicado: Boston Pearson/Addison Wesley 2006
Edición:5th ed.
Colección:<The> Addison-Wesley series in economics
Materias:
Etiquetas: Agregar Etiqueta
Sin Etiquetas, Sea el primero en etiquetar este registro!

MARC

LEADER 00000nam$a2200000$$$4500
001 0103105
005 20240315115745.9
020 |a 0-321-31155-8 
041 0 |a eng 
044 |a US 
245 1 0 |a Using econometrics  |b <a> practical guide  |c A. H. Studenmund 
250 |a 5th ed. 
264 1 |a Boston  |b Pearson/Addison Wesley  |c 2006 
300 |a 639 s. 
490 1 |a <The> Addison-Wesley series in economics 
830 0 |a <The> Addison-Wesley series in economics 
610 2 0 |a ekonometria 
610 2 0 |a modely regresné 
610 2 0 |a analýza regresná 
610 2 0 |a korelácia 
610 2 0 |a rady časové 
610 2 0 |a prognózy 
610 2 0 |a pravdepodobnosť 
610 2 0 |a hypotézy štatistické 
610 2 0 |a modelovanie ekonometrické 
100 1 |a Studenmund, A. H.